| 000 | 00570cam a2200205 4500 | ||
|---|---|---|---|
| 001 | D7601 | ||
| 008 | 090401t1982 xxu||||| |||| 00| 0 eng d | ||
| 020 | _a0855000953 | ||
| 035 | _a(Sirsi) u8343 | ||
| 041 | _aeng | ||
| 050 |
_a333.76 _c18 |
||
| 100 | _aNorton-Taylor, Richard | ||
| 245 |
_aWhose land is it anyway _bagriculture, planning and land use in the British countryside |
||
| 260 |
_aWellingborough _bTurnstone _c1982 |
||
| 300 |
_a350p. _bill. _c21cm |
||
| 350 | _a6.95 | ||
| 690 | _aPROPERTY-RURAL AND NATURAL ASSETS | ||
| 942 | _n0 | ||
| 948 | _c04/03/1997 | ||
| 999 |
_c86506 _d86506 |
||